<?xml version="1.0" encoding="UTF-8"?>
<record
    xmlns:xsi="http://www.w3.org/2001/XMLSchema-instance"
    xsi:schemaLocation="http://www.loc.gov/MARC21/slim http://www.loc.gov/standards/marcxml/schema/MARC21slim.xsd"
    xmlns="http://www.loc.gov/MARC21/slim">

  <leader>01029nam a22001817a 4500</leader>
  <controlfield tag="003">IT-RoPau</controlfield>
  <controlfield tag="005">20220918181105.0</controlfield>
  <controlfield tag="008">130507b        xxu||||| |||| 00| 0 eng d</controlfield>
  <datafield tag="040" ind1=" " ind2=" ">
    <subfield code="c">IT-RoPau</subfield>
  </datafield>
  <datafield tag="100" ind1=" " ind2=" ">
    <subfield code="a">Centro di spiritualit&#xE0; paolina</subfield>
    <subfield code="9">518</subfield>
  </datafield>
  <datafield tag="245" ind1=" " ind2=" ">
    <subfield code="a">"Camminiamo anche noi in novit&#xE0; di vita"</subfield>
    <subfield code="b">(Rom. VI,4).</subfield>
  </datafield>
  <datafield tag="250" ind1=" " ind2=" ">
    <subfield code="a">1&#xB0; ed</subfield>
  </datafield>
  <datafield tag="260" ind1=" " ind2=" ">
    <subfield code="a">Ariccia (Roma)</subfield>
    <subfield code="b">Centro di spiritualit&#xE0; paolina - Casa Divino Maestro</subfield>
    <subfield code="c">1978</subfield>
  </datafield>
  <datafield tag="300" ind1=" " ind2=" ">
    <subfield code="a">20 pp.</subfield>
    <subfield code="c">22 cm</subfield>
  </datafield>
  <datafield tag="490" ind1=" " ind2=" ">
    <subfield code="a">"Camminiamo anche noi in novit&#xE0; di vita"</subfield>
    <subfield code="v">n&#xB0; 30 - Settembre 1978</subfield>
  </datafield>
  <datafield tag="520" ind1=" " ind2=" ">
    <subfield code="a">Sommario

Circa l'iniziativa spirituale della Casa Divino Maestro
I. Corso di Natale: 16 - 25 dicembre 1978
II. - III. - VIII. - Tre corsi sulla preghiera della vita
IV. - Corso di Pasqua: 6 - 15 aprile 1979
V. - Corso mariano : 1 - 10 maggio 1979
VI. - Corso di Pentecoste: 25 maggio - 3 giugno 1979
VII. - Corso su San Paolo: 21 - 30 giugno 1979
IX. - Corso su Ges&#xF9; Maestro: 23 novembre - 2 dicembre 1979
X. - Corso di Natale: 16 - 25 dicembre 1979 </subfield>
  </datafield>
  <datafield tag="942" ind1=" " ind2=" ">
    <subfield code="2">ddc</subfield>
    <subfield code="c">CR</subfield>
  </datafield>
  <datafield tag="999" ind1=" " ind2=" ">
    <subfield code="c">98495</subfield>
    <subfield code="d">98495</subfield>
  </datafield>
  <datafield tag="952" ind1=" " ind2=" ">
    <subfield code="0">0</subfield>
    <subfield code="1">0</subfield>
    <subfield code="2">ddc</subfield>
    <subfield code="4">0</subfield>
    <subfield code="6">P_C6</subfield>
    <subfield code="7">1</subfield>
    <subfield code="a">PAULUS</subfield>
    <subfield code="b">PAULUS</subfield>
    <subfield code="d">2013-05-07</subfield>
    <subfield code="l">0</subfield>
    <subfield code="o">P C6</subfield>
    <subfield code="p">Sp FP 24</subfield>
    <subfield code="r">2013-05-07 00:00:00</subfield>
    <subfield code="w">2013-05-07</subfield>
    <subfield code="y">CR</subfield>
  </datafield>
</record>
